| 000 | 00562nam a2200193 a 4500 | ||
|---|---|---|---|
| 001 | 1771298607508 | ||
| 003 | YourLibrary | ||
| 005 | 20260217085517.0 | ||
| 008 | 260217s2010##################000#0#eng## | ||
| 020 | _a9781848443587 | ||
| 082 | 0 | 4 |
_a330 _bVAN.9 |
| 100 | 1 |
_aKuznets, Simon, _eauthor. |
|
| 245 | 1 | 0 | _aSimon S. Kuznets, Theodore W. Schultz, W. Arthur Lewis and Robert M. Solow : |
| 260 |
_bEdward Elgar Publishing, _c2010. |
||
| 300 | _a472 pages | ||
| 650 | 0 | _aBusiness & Economics. | |
| 942 | _cENGLISH | ||
| 040 |
_aYourLibrary _beng _cYourLibrary |
||
| 999 |
_c612987 _d612987 |
||